Statistics for Call of Duty Zombies Maps - WAW-BO3

Click here to take the quiz!

General Stats

  • This quiz has been taken 73 times
    (47 since last reset)
  • The average score is 16 of 31

Answer Stats

HintAnswer% Correct
BO #1KINO DER TOTEN
86%
WAW #1NACHT DER UNTOTEN
86%
BO2 MAP PACK 4ORIGINS
86%
BO #2FIVE
83%
WAW MAP PACK 2SHI NO NUMA
83%
WAW MAP PACK 1VERRUCKT
83%
BO MAP PACK 1ASCENSION
79%
BO2 MAP PACK 2BURIED
76%
WAW MAP PACK 3DER RIESE
76%
BO2 MAP PACK 1DIE RISE
76%
BO2 #1TRANZIT
76%
BO2 MAP PACK 3MOB OF THE DEAD
72%
BO MAP PACK 4MOON
72%
BO3 DLC1THE GIANT
72%
BO3 MAP PACK 3GOROD KROVI
69%
BO3 MAP PACK 4REVELATIONS
62%
BO MAP PACK 2SHANGRI-LA
62%
BO MAP PACK 3CALL OF THE DEAD
59%
BO3 MAP PACK 1DER EISENDRACHE
59%
BO #3DEAD OPS ARCADE
52%
BO3 MAP PACK 2ZETSUBOU NO SHIMA
45%
BO3 #1SHADOW OF EVIL
28%
IW #1ZOMBIES IN SPACELAND
28%
BO3 #2DEAD OPS ARCADE 2
21%
IW MAP PACK 3ATTACK OF THE RADIOACTIVE THING
14%
IW MAP PACK 4THE BEAST FROM BEYOND
7%
WWII #1THE FINAL REICH
7%
WWII #2GROESTEN HAUS
3%
IW MAP PACK 2SHAOLIN SHUFFLE
3%
WWII MAP PACK 1THE DARKEST SHORE
3%
IW MAP PACK 1RAVE IN THE WOODS
0%

Score Distribution

Percentile by Number Answered

Percent of People with Each Score

Your Score History

You have not taken this quiz since the last reset